| 000 | 00517cam a2200205ua 4500 | ||
|---|---|---|---|
| 001 | 1271 | ||
| 008 | 110624n ii |||gr||||Z||||||eng | ||
| 020 | _a81-7096-200-5 | ||
| 040 | _cMAIN | ||
| 082 | _a330.0151 | ||
| 245 | 1 |
_aCommerce and economics. _cBy J N Patnayak. |
|
| 250 | _a1st. | ||
| 260 |
_aNew Delhi.: _bKalyani publishers.,996. |
||
| 300 |
_axv, 740 p.: _c20 cm. |
||
| 653 | _aEconomics. | ||
| 653 | _aCommercce and economics. | ||
| 700 | 1 | _aPatnayak, J N., | |
| 700 | 1 | _aMohanti, P C., | |
| 942 | _cBK | ||
| 999 |
_c1172 _d1172 |
||